| 000 | 00304 a2200121 4500 | ||
|---|---|---|---|
| 999 |
_c322025 _d322025 |
||
| 001 | 86952 | ||
| 003 | NUST | ||
| 005 | 20180120153935.0 | ||
| 008 | 180120b xxu||||| |||| 00| 0 eng d | ||
| 082 | _a808.882 BAZ | ||
| 100 |
_aBazmi, Aslam _96707 |
||
| 245 |
_aHumorously yours _hEnglish |
||
| 260 |
_aIslamabad _bNust Publication Islamabad _c2012 |
||
| 300 | _aviii, 134p. | ||
| 942 |
_aCAE NUST _cBK _k808.882 BAZ _2ddc |
||